Wszystkie zespoły F1 - Statystyki

Ogólne statystyki
  • Ten quiz został rozwiązany 80 razy
  • Średni wynik to 8 z 10
Statystyki odpowiedzi
Odpowiedź % Poprawnych
Red Bull Racing
96%
Mercedes
94%
Scuderia Ferrari
91%
McLaren Racing
87%
Williams Racing
81%
Alfa Romeo
79%
Aston Martin
78%
AlphaTauri
72%
Alpine F1 Team
72%
Haas F1 Team
62%
Nie znaleziono quizów pasujących do podanych kryteriów
Rozkład punktacji
Procent ludzi z każdym wynikiem
Percentyl według liczby udzielonych odpowiedzi
Twoja historia wyników
Nie rozwiązałeś tego quizu